| 000 | 00498 a2200193 4500 | ||
|---|---|---|---|
| 001 | 072241 | ||
| 003 | OSt | ||
| 005 | 20210906140726.0 | ||
| 008 | |||
| 020 | _a9788176467667 | ||
| 082 |
_a709.34 _bG95R |
||
| 100 | 1 | _aGupta, S.P. | |
| 245 | 1 |
_aThe roots of Indian art _cby S.P. Gupta |
|
| 260 |
_aDelhi _bB.R. Pub. _c2011 |
||
| 300 | _a378p. | ||
| 630 | _aArchitecture | ||
| 690 | _aIndia; Art, Ancient; Art, Maurya; Architecture, Ancient | ||
| 942 |
_2ddc _cBK |
||
| 999 |
_c5476 _d5476 |
||